IFM Opac

ESSAYS IN ANT- LABOUR HISTORY (Record no. 15655)

MARC details
000 -LEADER
fixed length control field 00347nam a22001457a 4500
020 ## - INTERNATIONAL STANDARD BOOK NUMBER
International Standard Book Number 333152298
082 ## - DEWEY DECIMAL CLASSIFICATION NUMBER
Classification number 320.94208BRO.
100 ## - MAIN ENTRY--PERSONAL NAME
Personal name BROWN, KENNETH
245 ## - TITLE STATEMENT
Title ESSAYS IN ANT- LABOUR HISTORY
260 ## - PUBLICATION, DISTRIBUTION, ETC.
Place of publication, distribution, etc. ENGLAND
Name of publisher, distributor, etc. MACMILLAN
Date of publication, distribution, etc. 1974
300 ## - PHYSICAL DESCRIPTION
Extent VIII,408P.
Other physical details ILL.:25CM.
500 ## - GENERAL NOTE
General note INCLUDES INDEX
650 ## - SUBJECT ADDED ENTRY--TOPICAL TERM
Topical term or geographic name entry element ANTI- LABOUR
942 ## - ADDED ENTRY ELEMENTS (KOHA)
Koha item type Books
Holdings
Withdrawn status Lost status Damaged status Not for loan Home library Current library Shelving location Date acquired Total Checkouts Full call number Barcode Date last seen Price effective from Koha item type
Withdrawn       IFM Main Campus Library IFM Main Campus Library Archival Collection 03/15/2016   320.94208BRO. 0000015431 03/15/2016 02/19/2022 Books